Mixed Sport Quiz #1 - Statistics

General Stats
  • This quiz has been taken 7 times
  • The average score is 12 of 45
Answer Stats
Difficulty Hint Answer % Correct
Easy How many points is a free throw worth? 1
100%
Easy How many players are on the court for one basketball team? 5
83%
Easy What colour jersey do the All Blacks wear? Black
67%
Medium Which player is nicknamed "The Greek Freak"? Giannis Antetokounmpo
67%
Easy Which team does Steph Curry play for? Golden State Warriors
67%
Easy Which team won the 2022–23 Premier League? Manchester City
67%
Easy Which team plays at Old Trafford? Manchester United
67%
Nightmare Which team has the longest current NBA playoff drought as of 2025? Charlotte Hornets
50%
Medium Which team won the 2023 NBA Finals? Denver Nuggets
50%
Hard Who was the 2023 NBA Finals MVP? Nikola Jokić
50%
Medium Which team drafted Victor Wembanyama in 2023? San Antonio Spurs
50%
Nightmare Who led the NBA in rebounds per game in the 2023/24 season? Domantas Sabonis
33%
Medium Who was the top scorer in the 2022–23 Premier League? Erling Haaland
33%
Medium Which club signed (above) in 2022? Manchester City
33%
Medium Which country won the 2019 Rugby World Cup? South Africa
33%
Hard Who won the 2024 NBA Rookie of the Year? Victor Wembanyama
33%
Hard How many people can fit into Selhurst Park Stadium ( 1000)? 25,486
17%
Very Hard Which Premier League club changed managers twice in the 2023/24 season? Chelsea
17%
Easy How many points is a try worth in rugby union? Five
17%
Easy Which country hosted the 2023 Rugby World Cup? France
17%
Medium Which team won the 2023 Six Nations? Ireland
17%
Nightmare In the 2024 NBA Finals, which player hit the game-winning shot in Game 3? Jason Tatum
17%
Easy Who is Liverpool’s manager as of 2025? Jürgen Klop
17%
Nightmare Which player provided the most Premier League assists in 2022/23? Kevin de Bruyne
17%
Hard Which team was promoted to the Premier League for the 2023/24 season after a 23-year absence? Luton Town
17%
Medium Who captains Arsenal in 2025? Martin Ødegaard
17%
Hard Who won the 2023 NBA Slam Dunk Contest? Max McClung
17%
Hard Which international rugby union team's emblem is a blue eagle? Namibia
17%
Nightmare In the 2023/24 Premier League, which team ended Arsenal’s 10-game unbeaten run? Newcastle United
17%
Nightmare Which Tier 2 nation upset Fiji in the 2023 World Cup pool stage? Portugal
17%
Very Hard Which player scored the fastest Premier League hat-trick in history (still standing in 2025)? Sadio Mané
17%
Nightmare In the 2023 Rugby World Cup Final, which player received a yellow card that nearly cost his team the title? Sam Cane
17%
Medium Who is the current captain of the All Blacks (2025)? Scott Barrett
17%
Very Hard Who holds the NBA record for most assists in a single game (still standing)? Scott Skiles
17%
Hard In the 2023 Rugby World Cup, which team knocked France out in the quarter-finals? South Africa
17%
Very Hard Which referee officiated the 2023 Rugby World Cup Final? Wayne Barnes
17%
Nightmare Who scored the decisive goal that kept Everton safe from relegation in May 2023? Abdoulaye Doucouré
0%
Very Hard Which player was the No. 2 overall pick in the 2024 NBA Draft? Alex Sarr
0%
Very Hard Who scored Arsenal’s winning goal in the North London Derby, September 2023? Bukayo Saka
0%
Very Hard Which player was the top try-scorer in the 2023 Six Nations? Damian Penaud
0%
Hard Which goalkeeper broke the record for most Premier League clean sheets in 2023? David de Gea
0%
Hard Which player scored the most points in the 2023 Rugby World Cup? Handré Pollard
0%
Nightmare Who kicked the most conversions in the 2023 World Cup? Handré Pollard
0%
Very Hard Who became the youngest player to record a triple-double in 2023? Josh Giddey
0%
Very Hard In the 2023 Rugby World Cup semi-final, who scored the winning try for South Africa against England? RG Snyman
0%
No matching quizzes found
Score Distribution
Percent of People with Each Score
Percentile by Number Answered
Your Score History
You have not taken this quiz